An encyclopaedia of occult : (Record no. 133927)

MARC details
000 -LEADER
fixed length control field 00789nam a22002417a 4500
005 - DATE AND TIME OF LATEST TRANSACTION
control field 20170124110217.0
010 ## - LIBRARY OF CONGRESS CONTROL NUMBER
LC control number A-375225
020 ## - INTERNATIONAL STANDARD BOOK NUMBER
Terms of availability 00.00
International Standard Book Number 8151701834
035 ## - SYSTEM CONTROL NUMBER
System control number A-375225
037 ## - SOURCE OF ACQUISITION
Source of stock number/acquisition Cen Lib/Ret
040 ## - CATALOGING SOURCE
Original cataloging agency DPL
Language of cataloging EN
082 ## - DEWEY DECIMAL CLASSIFICATION NUMBER
Classification number 133.03
Item number SPE
100 ## - MAIN ENTRY--PERSONAL NAME
Personal name Spence, Lewis
9 (RLIN) 39289
245 ## - TITLE STATEMENT
Title An encyclopaedia of occult :
Statement of responsibility, etc by Lewis Spence
Remainder of title a compendium of information on the occult sciences, occult personalities, psychic science, magic, spiritism, mysticism /
246 ## - VARYING FORM OF TITLE
Remainder of title
260 ## - PUBLICATION, DISTRIBUTION, ETC. (IMPRINT)
Name of publisher, distributor, etc Bracken Books
Place of publication, distribution, etc London
Date of publication, distribution, etc 1988
270 ## - ADDRESS
City London
300 ## - PHYSICAL DESCRIPTION
Extent 451p. :
Dimensions 27cm(Hb)
Other physical details ill.
500 ## - GENERAL NOTE
General note Includes bibliographical references
650 ## - SUBJECT ADDED ENTRY--TOPICAL TERM
Topical term or geographic name as entry element Occultism
9 (RLIN) 39290
650 ## - SUBJECT ADDED ENTRY--TOPICAL TERM
Topical term or geographic name as entry element Occultism -- Dictionaries
9 (RLIN) 39291
942 ## - ADDED ENTRY ELEMENTS (KOHA)
Source of classification or shelving scheme Dewey Decimal Classification
Koha item type English Books
Classification part 133.03
Call number suffix SPE
Holdings
Withdrawn status Lost status Damaged status Not for loan Collection code Home library Current library Date acquired Source of acquisition Cost, normal purchase price Total Checkouts Full call number Barcode Date last seen Copy number Cost, replacement price Price effective from Koha item type
      Not For Loan Reference Central Library Central Library 28/07/2015 Cen Lib/Ret 0.00   133.03 SPE A-375225 28/07/2015 1 0.00 28/07/2015 English Books

© Delhi Public Library
Hit Counter
free hit counter